Edinburgh Airport - Top 20 Destinations - Statistics

General Stats
  • This quiz has been taken 505 times
  • The average score is 14 of 20
Answer Stats
Passenger Numbers Answer % Correct
700,064 London - Gatwick
100%
1,053,382 London - Heathrow
100%
528,029 London - City
99%
272,503 London - Luton
99%
836,680 London - Stansted
99%
308,612 Paris - Charles de Gaulle
96%
597,472 Dublin
88%
651,034 Amsterdam
87%
185,545 Madrid
87%
181,033 Barcelona
84%
274,292 Belfast - International
71%
197,174 Frankfurt
64%
276,279 Birmingham
63%
250,778 Copenhagen
60%
381,945 Bristol
48%
183,032 Malaga
39%
216,647 Tenerife - South
37%
206,991 Alicante
34%
198,501 Southampton
33%
183,518 Palma de Mallorca
12%
No matching quizzes found
Score Distribution
Percent of People with Each Score
Percentile by Number Answered
Your Score History
You have not taken this quiz